Statistics for Words that End with -TCH

Click here to take the quiz!

General Stats

  • This quiz has been taken 43 times
  • The average score is 29 of 68

Answer Stats

Word% Correct
Bitch
94%
Witch
94%
Batch
85%
Match
85%
Watch
82%
Hatch
79%
Patch
79%
Hitch
76%
Botch
73%
Catch
73%
Butch
70%
Ditch
70%
Glitch
70%
Itch
70%
Latch
70%
Pitch
67%
Dutch
64%
Fetch
64%
Crutch
61%
Notch
61%
Crotch
58%
Hutch
58%
Retch
48%
Clutch
45%
Etch
45%
Fitch
45%
Natch
45%
Ratch
45%
Stitch
45%
Aitch
42%
Mutch
42%
Blotch
39%
Snatch
39%
Twitch
39%
Wretch
39%
Cratch
33%
Hotch
33%
Ketch
33%
Letch
33%
Snitch
33%
Titch
33%
Gitch
30%
Rotch
30%
Switch
30%
Thatch
30%
Flitch
27%
Gotch
27%
Vetch
27%
Fletch
24%
Quitch
24%
Swatch
24%
Gatch
21%
Grutch
21%
Scotch
21%
Scratch
21%
Sketch
21%
Cutch
18%
Slatch
18%
Glutch
15%
Hootch
15%
Stretch
15%
Klatch
9%
Kvetch
9%
Scutch
9%
Splotch
9%
Smutch
6%
Nautch
3%
Scultch
0%

Score Distribution

Percentile by Number Answered

Percent of People with Each Score

Your Score History

You have not taken this quiz